[Event "Lichtenberger Sommer 2023"]
[Site "Berlin"]
[Date "2023.08.16"]
[Round "5.1"]
[White "Florstedt, Johannes"]
[Black "Tiarks, Jann-Christian"]
[Result "1-0"]
[WhiteElo "2386"]
[BlackElo "2211"]
[PlyCount "131"]
[EventDate "2023.??.??"]
[WhiteTeam "SF Berlin 1903 e.V."]
[BlackTeam "SC Empor Potsdam 1952 e.V."]

1. c4 c6 2. Nf3 d5 3. g3 Nf6 4. Bg2 Bf5 5. Qb3 Qc8 6. cxd5 cxd5 7. Nc3 e6 8. d3
Nc6 9. Bf4 Be7 10. O-O O-O 11. Rac1 Qd7 12. e4 Bg4 13. Ne5 Nxe5 14. Bxe5 dxe4
15. dxe4 a5 16. Na4 Be2 17. Nb6 a4 18. Qe3 Qb5 19. Bxf6 Bxf6 20. Rfe1 Ra6 21.
Nc8 Bc4 22. e5 Bg5 23. Qxg5 Rxc8 24. Red1 Raa8 25. Qe7 Bd5 26. Rxc8+ Rxc8 27.
Bxd5 exd5 28. e6 Qe8 29. exf7+ Qxf7 30. Qxf7+ Kxf7 31. Rxd5 Rb8 32. Rb5 Ke6 33.
a3 Kd6 34. h4 Kc6 35. Rb4 b5 36. h5 Rd8 37. Kg2 Rd5 38. g4 Kd6 39. f4 Ke6 40.
Kf3 Rc5 41. Ke4 h6 42. Kd3 Kd6 43. Rd4+ Kc7 44. Ke3 Rc2 45. Rd2 Rc4 46. Rd5 Kb6
47. Rd7 Rc2 48. Rd2 Rc7 49. Ke4 Re7+ 50. Kf5 Kc5 51. Kg6 Kc4 52. f5 Kb3 53. f6
gxf6 54. Kxh6 Re5 55. Kg6 Rg5+ 56. Kxf6 Rxg4 57. Rh2 Rc4 58. h6 Rc2 59. Rxc2
Kxc2 60. h7 Kxb2 61. h8=Q Kxa3 62. Qh3+ Kb4 63. Ke5 a3 64. Kd4 a2 65. Qc3+ Ka4
66. Kc5 1-0

[Event "Lichtenberger Sommer 2023"]
[Site "Berlin"]
[Date "2023.08.16"]
[Round "5.2"]
[White "Möller, Dustin"]
[Black "Colpe, Malte"]
[Result "1/2-1/2"]
[WhiteElo "2230"]
[BlackElo "2381"]
[PlyCount "34"]
[EventDate "2023.??.??"]
[WhiteTeam "Preetzer TSV"]
[BlackTeam "Hamburger SK von 1830 eV"]

1. c4 Nf6 2. g3 e6 3. Bg2 d5 4. Nf3 d4 5. O-O c5 6. e3 Nc6 7. exd4 cxd4 8. d3
h6 9. Bf4 Nd7 10. Na3 Bc5 11. Nc2 O-O 12. a3 a5 13. b4 axb4 14. axb4 Rxa1 15.
Qxa1 Nxb4 16. Nxb4 Bxb4 17. Qxd4 Nc5 1/2-1/2

[Event "Lichtenberger Sommer 2023"]
[Site "Berlin"]
[Date "2023.08.16"]
[Round "5.3"]
[White "Brüdigam, Martin"]
[Black "Zackrisson, Peter"]
[Result "1-0"]
[WhiteElo "2362"]
[BlackElo "2204"]
[PlyCount "101"]
[EventDate "2023.??.??"]
[WhiteTeam "SK König Tegel 1949 e.V."]
[BlackTeam "USV Potsdam e.V., Abt. Schach"]

1. e4 c5 2. Nf3 d6 3. Bb5+ Nd7 4. c3 Ngf6 5. Qe2 a6 6. Ba4 e6 7. Bc2 Be7 8. O-O
O-O 9. d4 cxd4 10. cxd4 Re8 11. Nc3 Nf8 12. Rd1 b5 13. e5 Nd5 14. Ne4 Bb7 15.
Bg5 f6 16. exf6 Nxf6 17. Nxf6+ Bxf6 18. Bxf6 Qxf6 19. Be4 Bxe4 20. Qxe4 d5 21.
Qe3 Ng6 22. Re1 Rac8 23. Rac1 Nh4 24. Nxh4 Rxc1 25. Rxc1 Qxh4 26. g3 Qd8 27.
Rc6 a5 28. Rxe6 Rxe6 29. Qxe6+ Kh8 30. h4 h6 31. Kg2 b4 32. b3 Kh7 33. Qf5+ Kh8
34. h5 Kg8 35. Qe6+ Kh8 36. g4 Kh7 37. Qf5+ Kh8 38. Qe6 Kh7 39. Kh3 Kh8 40. f3
Kh7 41. Qf5+ Kh8 42. Qe5 Kh7 43. Kg3 Kh8 44. g5 hxg5 45. h6 Qf6 46. Qxf6 gxf6
47. Kg4 Kg8 48. Kf5 Kh7 49. Kxf6 Kxh6 50. Ke5 Kh5 51. Kxd5 1-0

[Event "Lichtenberger Sommer 2023"]
[Site "Berlin"]
[Date "2023.08.16"]
[Round "5.4"]
[White "Jahn, Thomas"]
[Black "Hesse, Henrik"]
[Result "0-1"]
[WhiteElo "2173"]
[BlackElo "2266"]
[PlyCount "78"]
[EventDate "2023.??.??"]
[WhiteTeam "SV Empor Berlin e.V."]
[BlackTeam "SV Mattnetz Berlin e.V."]

1. e4 c5 2. Nf3 e6 3. d4 cxd4 4. Nxd4 a6 5. Nc3 b5 6. Be2 Bb7 7. Bf3 Qc7 8. O-O
Nc6 9. Nxc6 dxc6 10. Be3 Bd6 11. g3 Nf6 12. Bb6 Qe7 13. Qd2 Nd7 14. Bd4 Ne5 15.
Be2 c5 16. Be3 Rd8 17. f3 O-O 18. Qe1 Nc6 19. Qf2 Nd4 20. Bd3 e5 21. b3 c4 22.
bxc4 bxc4 23. Bxc4 Rc8 24. Nd5 Bxd5 25. Bxd5 Nxc2 26. Kh1 Nxa1 27. Rxa1 Bc5 28.
Rf1 Bxe3 29. Qxe3 Qb4 30. Rf2 Rc3 31. Qg5 Qd4 32. Kg2 h6 33. Qf5 Rd3 34. h4 Rd1
35. Rc2 Qd3 36. Rf2 Qc3 37. Kh3 Rh1+ 38. Rh2 Rf1 39. Kg4 Rxf3 0-1

[Event "Lichtenberger Sommer 2023"]
[Site "Berlin"]
[Date "2023.08.16"]
[Round "5.5"]
[White "Förster, Jonas"]
[Black "Dathe, Frederick"]
[Result "1/2-1/2"]
[WhiteElo "2262"]
[BlackElo "2075"]
[PlyCount "126"]
[EventDate "2023.??.??"]
[WhiteTeam "SV Empor Berlin e.V."]
[BlackTeam "SC Kreuzberg e.V."]

1. Nf3 c5 2. e4 g6 3. c3 d5 4. Bb5+ Bd7 5. Bxd7+ Qxd7 6. exd5 Qxd5 7. O-O Bg7
8. d4 Nf6 9. Be3 cxd4 10. Bxd4 O-O 11. Bxf6 Qxd1 12. Rxd1 Bxf6 13. Nbd2 Nc6 14.
Ne4 Kg7 15. Rd7 Rab8 16. g4 Rfd8 17. Rad1 Rxd7 18. Rxd7 h6 19. h3 Kf8 20. Nxf6
exf6 21. Kf1 Ke8 22. Rc7 Ne7 23. Ke2 Kd8 24. Rc4 Kd7 25. Rd4+ Ke6 26. Re4+ Kd6
27. Nd4 a6 28. c4 Rc8 29. Kd3 Nc6 30. Nxc6 Rxc6 31. b4 Kd7 32. c5 Re6 33. f3
Kc6 34. Kc4 b6 35. a4 bxc5 36. bxc5 Re5 37. Kb4 Rxc5 38. Re7 a5+ 39. Kb3 Re5
40. Rxf7 Re3+ 41. Kc4 Rxf3 42. Rg7 g5 43. Rg6 Rf4+ 44. Kc3 h5 45. gxh5 Kd5 46.
h6 Ke5 47. h7 Rh4 48. Rg7 f5 49. Rxg5 Rxh7 50. Rg8 Rh4 51. Re8+ Kf6 52. Rf8+
Ke6 53. Kb3 Rxh3+ 54. Kc4 Rh5 55. Re8+ Kf6 56. Rf8+ Ke7 57. Ra8 f4 58. Kd4 Rf5
59. Rh8 f3 60. Rh1 Kf6 61. Ke3 Kg5 62. Rg1+ Kf6 63. Rf1 Ke5 1/2-1/2

[Event "Lichtenberger Sommer 2023"]
[Site "Berlin"]
[Date "2023.08.16"]
[Round "5.6"]
[White "Tscheuschner, Georg"]
[Black "Lorenz, Sascha"]
[Result "0-1"]
[WhiteElo "2229"]
[BlackElo "2261"]
[PlyCount "68"]
[EventDate "2023.??.??"]
[WhiteTeam "SV Mattnetz Berlin e.V."]
[BlackTeam "SK König Tegel 1949 e.V."]

1. c4 e5 2. Nc3 Bb4 3. Nd5 Be7 4. d4 d6 5. e4 c6 6. Nxe7 Qxe7 7. Ne2 Nf6 8. Nc3
O-O 9. d5 cxd5 10. cxd5 Ne8 11. Bd3 Nd7 12. Bc2 Rb8 13. O-O b6 14. b4 g6 15. f4
exf4 16. Bxf4 Ne5 17. Qd4 f6 18. a4 Ng7 19. a5 Nh5 20. axb6 axb6 21. Bd2 Qc7
22. Bb3 Bd7 23. Rfc1 Qd8 24. Ra7 f5 25. exf5 Bxf5 26. Nb5 Bd3 27. Nc7 Qf6 28.
Kh1 Rbc8 29. Raa1 Rxc7 30. Rxc7 Be4 31. Rc3 Qh4 32. Kg1 Qg4 33. Rg3 Nxg3 34.
hxg3 Qe2 0-1

[Event "Lichtenberger Sommer 2023"]
[Site "Berlin"]
[Date "2023.08.16"]
[Round "5.7"]
[White "Heinig, Wolfram"]
[Black "Hommel, Niclas"]
[Result "1/2-1/2"]
[WhiteElo "2254"]
[BlackElo "2043"]
[PlyCount "45"]
[EventDate "2023.??.??"]
[WhiteTeam "SK Zehlendorf e.V."]
[BlackTeam "TSG Oberschöneweide e.V."]

1. d4 Nf6 2. Bg5 c5 3. d5 Qb6 4. Nc3 Qxb2 5. Bd2 Qb6 6. e4 d6 7. f4 e5 8. Nf3
Nbd7 9. fxe5 dxe5 10. Bc4 a6 11. O-O Be7 12. a4 O-O 13. Nh4 g6 14. Rb1 Qd6 15.
Bh6 Re8 16. Qf3 Bf8 17. Bg5 Bg7 18. a5 h6 19. Bd2 b5 20. axb6 Nxb6 21. Be2 Kh7
22. h3 Re7 23. Qf2 1/2-1/2

[Event "Lichtenberger Sommer 2023"]
[Site "Berlin"]
[Date "2023.08.16"]
[Round "5.8"]
[White "Figura, Atila Gajo"]
[Black "Sabrowski, Uwe"]
[Result "1-0"]
[WhiteElo "2371"]
[BlackElo "2016"]
[PlyCount "53"]
[EventDate "2023.??.??"]
[WhiteTeam "SC Friesen Lichtenberg e.V."]
[BlackTeam "SC Friesen Lichtenberg e.V."]

1. Nf3 f5 2. g3 Nf6 3. Bg2 g6 4. b4 Bg7 5. Bb2 d6 6. d4 O-O 7. c4 c6 8. Qa4 e5
9. dxe5 Ng4 10. Qb3 Nxe5 11. c5+ Rf7 12. Nxe5 dxe5 13. Nd2 Qe7 14. Qe3 Na6 15.
b5 Nb4 16. Rc1 Nd5 17. Qa3 Bh6 18. Rd1 e4 19. Nc4 f4 20. O-O fxg3 21. hxg3 Bg4
22. Rd4 e3 23. Rxg4 exf2+ 24. Rxf2 Rxf2 25. Kxf2 Rf8+ 26. Bf3 Qe6 27. Kg2 1-0

[Event "Lichtenberger Sommer 2023"]
[Site "Berlin"]
[Date "2023.08.16"]
[Round "5.9"]
[White "Hoffmann, Kay"]
[Black "Holinka, Henning"]
[Result "1/2-1/2"]
[WhiteElo "2036"]
[BlackElo "2241"]
[PlyCount "86"]
[EventDate "2023.??.??"]
[WhiteTeam "Barnimer SF im SV Sta"]
[BlackTeam "Hamburger SK von 1830 eV"]

1. d4 d5 2. Bf4 c5 3. e3 Nf6 4. c3 e6 5. Nf3 Bd6 6. Ne5 Qc7 7. Nd2 Nbd7 8. Ndf3
cxd4 9. Nxd7 Bxd7 10. Bxd6 Qxd6 11. exd4 O-O 12. Bd3 b5 13. a3 a5 14. O-O b4
15. axb4 axb4 16. Qb3 Rxa1 17. Rxa1 Rb8 18. c4 dxc4 19. Bxc4 Bc6 20. Ne5 Be8
21. Qg3 Rd8 22. Rd1 Qb6 23. Ng4 Nxg4 24. Qxg4 Bc6 25. b3 Bb7 26. h3 h6 27. Rd3
Qd6 28. Qh5 Be4 29. Rd1 Bc2 30. Rd2 Bf5 31. Qf3 Rd7 32. d5 Ra7 33. Rd1 Bc2 34.
Rc1 exd5 35. Qxd5 Qxd5 36. Bxd5 Ra2 37. Re1 Kf8 38. Bc6 g5 39. Re8+ Kg7 40. Rb8
Bxb3 41. Rxb4 Be6 42. Bf3 Rc2 43. Rb6 Rd2 1/2-1/2

[Event "Lichtenberger Sommer 2023"]
[Site "Berlin"]
[Date "2023.08.16"]
[Round "5.10"]
[White "Hess, Christian"]
[Black "Beyer, Lorenz"]
[Result "1/2-1/2"]
[WhiteElo "2210"]
[BlackElo "1994"]
[PlyCount "63"]
[EventDate "2023.??.??"]
[WhiteTeam "FC ST.Pauli 1910 eV SAbt"]
[BlackTeam "Barnimer SF im SV Sta"]

1. Nf3 Nf6 2. c4 c5 3. Nc3 Nc6 4. d4 cxd4 5. Nxd4 d5 6. cxd5 Nxd5 7. Nxc6 bxc6
8. Bd2 g6 9. Qa4 Bb7 10. Nxd5 Qxd5 11. e4 Qe6 12. Bc3 Rg8 13. Rd1 Bg7 14. Bxg7
Rxg7 15. Qd4 Rg8 16. Bc4 c5 17. Bxe6 cxd4 18. Bd5 Bxd5 19. exd5 Rb8 20. b3 Rb4
21. Kd2 Rb5 22. d6 exd6 23. Rde1+ Kd7 24. Re4 Re5 25. Rxd4 Rge8 26. Kc3 Rc8+
27. Kb2 Rc6 28. Rc1 Ke6 29. Rd3 h5 30. Rcc3 Kd7 31. Rxc6 Kxc6 32. Kc3 1/2-1/2

[Event "Lichtenberger Sommer 2023"]
[Site "Berlin"]
[Date "2023.08.16"]
[Round "5.11"]
[White "Möller, Jared William"]
[Black "Nöldner, Julian"]
[Result "1/2-1/2"]
[WhiteElo "1979"]
[BlackElo "2175"]
[PlyCount "132"]
[EventDate "2023.??.??"]
[WhiteTeam "SV Glück auf Rüdersdorf e.V."]
[BlackTeam "SF Nordost Berlin"]

1. d4 Nf6 2. c4 g6 3. Nc3 d5 4. cxd5 Nxd5 5. e4 Nxc3 6. bxc3 Bg7 7. Nf3 c5 8.
Rb1 O-O 9. Be2 cxd4 10. cxd4 Qa5+ 11. Bd2 Qxa2 12. O-O Bg4 13. Bg5 h6 14. Be3
Nc6 15. d5 Na5 16. Qd2 Qxd2 17. Bxd2 b6 18. Bb4 f5 19. e5 Rfd8 20. Bxa5 bxa5
21. Rfe1 Rac8 22. h3 Bh5 23. Rb5 a4 24. Ra5 Rc7 25. Rxa4 Rxd5 26. Bc4 Rxc4 27.
Rxc4 Bxf3 28. gxf3 Bxe5 29. Rc6 Kf7 30. Ra6 Bd4 31. Kg2 Bb6 32. Re2 Kf6 33. Ra4
Rd4 34. Rxd4 Bxd4 35. Ra2 Ke5 36. Ra5+ Kd6 37. f4 Bb6 38. Ra2 a5 39. Rc2 Bc5
40. Kf3 a4 41. Ke2 a3 42. Kd3 Kd5 43. f3 Bd4 44. Rc4 Bb2 45. Ra4 Kc5 46. Kc2
Kb5 47. Kb3 Kc5 48. Ra6 Bc1 49. Rxg6 Bxf4 50. Re6 Bg5 51. Kxa3 Kd5 52. Re2 e5
53. Kb3 e4 54. fxe4+ fxe4 55. Kc2 Ke5 56. Rf2 e3 57. Rf8 Ke4 58. Kd1 Kd3 59.
Re8 Bh4 60. Re6 Bg3 61. Re8 Bh4 62. Re6 Bg5 63. Re8 Bf4 64. Re6 h5 65. Re8 h4
66. Re6 Bg3 1/2-1/2

[Event "Lichtenberger Sommer 2023"]
[Site "Berlin"]
[Date "2023.08.16"]
[Round "5.12"]
[White "Kohler, Thomas"]
[Black "Rogozenco, Teodora"]
[Result "1-0"]
[WhiteElo "2172"]
[BlackElo "1952"]
[PlyCount "61"]
[EventDate "2023.??.??"]
[WhiteTeam "SC Zitadelle Spandau 1977 e.V."]
[BlackTeam "Hamburger SK von 1830 eV"]

1. c4 c6 2. Nf3 d5 3. e3 Nf6 4. Nc3 a6 5. d4 Bf5 6. Nh4 Bg6 7. Qb3 Ra7 8. Nxg6
hxg6 9. Bd2 e6 10. Qc2 b5 11. c5 a5 12. Bd3 Be7 13. h3 Na6 14. a3 Qb8 15. Ne2
g5 16. f3 g4 17. O-O-O g3 18. f4 b4 19. a4 b3 20. Qc3 Nb4 21. Qxb3 Nxd3+ 22.
Qxd3 Ne4 23. Be1 Rb7 24. Qc2 e5 25. fxe5 Bg5 26. Rd3 Nf2 27. Bxf2 gxf2 28. Rf1
Rh4 29. Rxf2 Re4 30. Rf3 Rb4 31. b3 1-0

[Event "Lichtenberger Sommer 2023"]
[Site "Berlin"]
[Date "2023.08.16"]
[Round "5.13"]
[White "Heerde, Thomas"]
[Black "Nötzel, Felix"]
[Result "0-1"]
[WhiteElo "1956"]
[BlackElo "2169"]
[PlyCount "80"]
[EventDate "2023.??.??"]
[WhiteTeam "SK Zehlendorf e.V."]
[BlackTeam "SF Berlin 1903 e.V."]

1. Nf3 c5 2. g3 Nc6 3. Bg2 g6 4. O-O Bg7 5. e4 e5 6. c3 Nge7 7. d3 O-O 8. a3 a5
9. a4 d5 10. Qe2 h6 11. Na3 Re8 12. Nb5 Be6 13. Re1 d4 14. cxd4 cxd4 15. Nd2
Nb4 16. Na3 Nc8 17. Ndc4 Nd6 18. b3 b5 19. Nxd6 Qxd6 20. Nxb5 Qb6 21. Qd1 Rec8
22. Re2 Bf8 23. Ba3 Rc6 24. h3 Rac8 25. Rb1 Nc2 26. Bxf8 Kxf8 27. Nd6 Rxd6 28.
Rxc2 Rdc6 29. Rxc6 Rxc6 30. Qd2 Kg7 31. b4 Rc3 32. b5 Bb3 33. Ra1 Qc5 34. Bf3
Bc2 35. Be2 Qb4 36. f4 Bxa4 37. Qa2 Bxb5 38. Qxa5 Qb2 39. Bf1 Rc2 40. Rd1 Rh2
0-1

[Event "Lichtenberger Sommer 2023"]
[Site "Berlin"]
[Date "2023.08.16"]
[Round "5.14"]
[White "Bui, Bao Anh Le"]
[Black "Beran, Rolf-Dietrich"]
[Result "1-0"]
[WhiteElo "2162"]
[BlackElo "1899"]
[PlyCount "35"]
[EventDate "2023.??.??"]
[WhiteTeam "SV Mattnetz Berlin e.V."]
[BlackTeam "SG Rot-Weiß Neuenhagen"]

1. e4 c5 2. Nf3 d6 3. d4 cxd4 4. Nxd4 Nf6 5. Nc3 g6 6. f4 Bg7 7. e5 dxe5 8.
fxe5 Nfd7 9. e6 Ne5 10. Bb5+ Nbc6 11. exf7+ Kf8 12. Bxc6 bxc6 13. O-O Nxf7 14.
Be3 Kg8 15. Nxc6 Qxd1 16. Raxd1 Ba6 17. Nxe7+ Kf8 18. Bc5 1-0

[Event "Lichtenberger Sommer 2023"]
[Site "Berlin"]
[Date "2023.08.16"]
[Round "5.15"]
[White "Möwisch, Dave"]
[Black "Polatel, Ali"]
[Result "0-1"]
[WhiteElo "1922"]
[BlackElo "2154"]
[PlyCount "98"]
[EventDate "2023.??.??"]
[WhiteTeam "Potsdamer SV Mitte e.V."]
[BlackTeam "SC Zugzwang 95 e.V."]

1. e4 c6 2. d4 d5 3. e5 Bf5 4. Nd2 e6 5. Nb3 Nd7 6. Nf3 Ne7 7. Be2 c5 8. dxc5
Nc6 9. Nbd4 Bg4 10. Nxc6 bxc6 11. Nd4 Bxe2 12. Qxe2 Bxc5 13. Nb3 Bb4+ 14. c3
Be7 15. h4 h5 16. Nd4 Qc7 17. Nf3 Nc5 18. Bg5 Rb8 19. O-O Ne4 20. Bxe7 Qxe7 21.
c4 O-O 22. Rac1 g6 23. Rc2 Rb7 24. cxd5 cxd5 25. Rfc1 Kg7 26. b3 a5 27. Qa6 Ra7
28. Qb6 Qb7 29. Qxb7 Rxb7 30. Nd4 g5 31. f3 Ng3 32. hxg5 Kg6 33. Kf2 Nf5 34.
Nxf5 Kxf5 35. g3 Kxe5 36. Rc8 Rxc8 37. Rxc8 Kf5 38. Ra8 Rb5 39. Ra7 Kg6 40. f4
Rc5 41. Ke1 Rc3 42. Rxa5 Rxg3 43. b4 h4 44. Kf2 Rg4 45. a3 Rxf4+ 46. Kg2 Rg4+
47. Kh3 Kxg5 48. b5 Rg3+ 49. Kh2 Rb3 0-1

[Event "Lichtenberger Sommer 2023"]
[Site "Berlin"]
[Date "2023.08.16"]
[Round "5.16"]
[White "Wiechert, Hans"]
[Black "Verbitsky, Jaroslaw"]
[Result "0-1"]
[WhiteElo "2151"]
[BlackElo "1901"]
[PlyCount "94"]
[EventDate "2023.??.??"]
[WhiteTeam "SC Untergrombach 46"]
[BlackTeam "SV Mattnetz Berlin e.V."]

1. d4 Nf6 2. c4 e6 3. g3 d5 4. Nf3 Bb4+ 5. Bd2 Be7 6. Bg2 O-O 7. Qc2 c6 8. h4
Nbd7 9. Nc3 dxc4 10. Rd1 Re8 11. e4 b5 12. a3 Bb7 13. Ng5 Nf8 14. e5 Nd5 15.
Be4 f5 16. exf6 Nxf6 17. Bg2 a6 18. Bc1 Qc7 19. Bf4 e5 20. dxe5 Nh5 21. Be4 g6
22. O-O Nxf4 23. gxf4 Bxg5 24. hxg5 Ne6 25. Bxg6 hxg6 26. Ne4 Kg7 27. f5 gxf5
28. Nd6 Rf8 29. Nxf5+ Rxf5 30. Qxf5 Qe7 31. Qf6+ Qxf6 32. gxf6+ Kg6 33. Rd7 Rb8
34. f4 Kf5 35. Re7 c5 36. f7 Bc6 37. Rd1 Nd4 38. Rc7 Rf8 39. e6 Kxe6 40. Rxd4
cxd4 41. Rxc6+ Kd5 42. Rc7 Ke4 43. Kf2 Kd3 44. Kf3 Kc2 45. Rd7 d3 46. Ke3 Kxb2
47. Ke4 c3 0-1

[Event "Lichtenberger Sommer 2023"]
[Site "Berlin"]
[Date "2023.08.16"]
[Round "5.17"]
[White "Niehaus, Frank"]
[Black "Ho, Ngoc Hai-Dang"]
[Result "1/2-1/2"]
[WhiteElo "2145"]
[BlackElo "1782"]
[Annotator "Luca"]
[PlyCount "35"]
[EventDate "2023.??.??"]
[WhiteTeam "SK König Tegel 1949 e.V."]
[BlackTeam "SV Mattnetz Berlin e.V."]

1. e4 e5 2. Nc3 Nf6 3. f4 d5 4. fxe5 Nxe4 5. Qf3 Nxc3 6. dxc3 g6 7. Bf4 Bg7 8.
O-O-O c6 9. Qg3 O-O 10. Nf3 Nd7 11. h4 f6 12. Re1 fxe5 13. Nxe5 Bxe5 14. Bxe5
Nxe5 15. Rxe5 Bf5 16. h5 Qf6 17. hxg6 Qxg6 18. Qxg6+ 1/2-1/2

[Event "Lichtenberger Sommer 2023"]
[Site "Berlin"]
[Date "2023.08.16"]
[Round "5.18"]
[White "Besombes, Romain"]
[Black "Syre, Christian"]
[Result "1/2-1/2"]
[WhiteElo "1867"]
[BlackElo "2119"]
[PlyCount "61"]
[EventDate "2023.??.??"]
[WhiteTeam "SF Berlin 1903 e.V."]
[BlackTeam "SC Kreuzberg e.V."]

1. d4 d6 2. Nc3 g6 3. e4 Nf6 4. Bf4 Bg7 5. Qd2 c6 6. Bh6 Bxh6 7. Qxh6 Qa5 8.
Bd3 b5 9. Nf3 b4 10. Ne2 b3+ 11. Nc3 bxc2 12. e5 dxe5 13. Nxe5 Be6 14. Bxc2
Nbd7 15. Nxd7 Nxd7 16. O-O Qb6 17. Qg7 O-O-O 18. Na4 Qc7 19. Qh6 Bd5 20. Qe3 e5
21. Nc3 Bc4 22. Rfe1 exd4 23. Qxd4 Nb6 24. Qf6 Rhe8 25. Rad1 Rxd1 26. Rxd1 Kb7
27. b3 Nd5 28. Qd4 Nxc3 29. Qxc3 Bd5 30. Bd3 Qf4 31. Re1 1/2-1/2

[Event "Lichtenberger Sommer 2023"]
[Site "Berlin"]
[Date "2023.08.16"]
[Round "5.19"]
[White "Fartmann, Oliver"]
[Black "Ellert, Stefan"]
[Result "1-0"]
[WhiteElo "2065"]
[BlackElo "1630"]
[PlyCount "131"]
[EventDate "2023.??.??"]
[WhiteTeam "SV Mattnetz Berlin e.V."]
[BlackTeam "SV Empor Berlin e.V."]

1. d4 d5 2. c4 c6 3. Nc3 Nf6 4. e3 e6 5. Nf3 Bd6 6. b3 Nbd7 7. Bb2 b6 8. Bd3
Bb7 9. O-O O-O 10. Re1 Rc8 11. Rc1 c5 12. cxd5 exd5 13. Bf5 Re8 14. Nb5 Bb8 15.
dxc5 Rxc5 16. Nbd4 Ne5 17. Nxe5 Bxe5 18. Ba1 g6 19. Bd3 Qc7 20. Nb5 Qb8 21.
Bxe5 Rxe5 22. Nd4 Re7 23. b4 Rxc1 24. Qxc1 Qd6 25. Qb2 Ng4 26. Nf3 Ne5 27. Nxe5
Qxe5 28. Qxe5 Rxe5 29. Rd1 Kf8 30. Be2 Ke7 31. Bf3 f5 32. Rd4 Kd6 33. Kf1 Re7
34. Ke1 Rc7 35. Kd2 Ke5 36. h4 h6 37. Be2 Rf7 38. f4+ Kf6 39. Bf3 Ke6 40. Rd3
Rd7 41. Ra3 Bc6 42. Rc3 Bb5 43. Rc8 h5 44. Kc3 Bc4 45. a3 Kf6 46. Rc6+ Kg7 47.
Kd4 Kf7 48. a4 Bb3 49. a5 bxa5 50. bxa5 Bc4 51. Kc5 Ba2 52. Rd6 Rc7+ 53. Kd4
Rc4+ 54. Ke5 Ra4 55. Rd7+ Ke8 56. Rxa7 Ra3 57. Bxd5 Rxe3+ 58. Kd4 Re2 59. Bxa2
Rxa2 60. a6 Kd8 61. Ra8+ Kc7 62. a7 Kb7 63. Rg8 Kxa7 64. Rxg6 Rc2 65. g3 Kb7
66. Rg5 1-0

[Event "Lichtenberger Sommer 2023"]
[Site "Berlin"]
[Date "2023.08.16"]
[Round "5.20"]
[White "Wirth, Heinz"]
[Black "Oldenburg, Theo"]
[Result "1/2-1/2"]
[WhiteElo "2060"]
[BlackElo "1424"]
[PlyCount "134"]
[EventDate "2023.??.??"]
[WhiteTeam "SC Weisse Dame e.V."]
[BlackTeam "SV Berolina Mitte e.V."]

1. e4 c5 2. Nf3 Nc6 3. Bb5 g6 4. O-O Bg7 5. Re1 e5 6. Bxc6 dxc6 7. d3 Ne7 8.
Be3 b6 9. Nbd2 O-O 10. a4 Qc7 11. a5 Be6 12. Ng5 Bd7 13. axb6 axb6 14. Nc4 h6
15. Nf3 Bg4 16. Rxa8 Rxa8 17. Qc1 Bxf3 18. gxf3 g5 19. h4 f6 20. Kf1 Kf7 21.
Ke2 Ng6 22. hxg5 hxg5 23. Rg1 b5 24. Na3 Qe7 25. Rg4 Rh8 26. Qe1 Rh2 27. Qc3 c4
28. Qa5 cxd3+ 29. cxd3 Nf4+ 30. Kd2 Qd6 31. Qc3 Bf8 32. Nc2 c5 33. Bxf4 exf4
34. Ke2 Kg6 35. Rg1 Qe6 36. Qd2 Qb3 37. Qc3 Qe6 38. Qd2 b4 39. d4 Qc4+ 40. Ke1
cxd4 41. Kd1 Bc5 42. Ne1 Qb3+ 43. Ke2 d3+ 44. Nxd3 Be3 45. Nxf4+ Bxf4 46. Qxf4
Qxb2+ 47. Kd1 Qd4+ 48. Qd2 Qxf2 49. Qxf2 Rxf2 50. Rg3 Kf7 51. Ke1 Ra2 52. f4
Ra3 53. Rg4 gxf4 54. Rxf4 b3 55. Kd2 Ra2+ 56. Kc3 b2 57. Kc2 b1=Q+ 58. Kxb1 Re2
59. Kc1 Ke6 60. Kd1 Ra2 61. Ke1 Ke5 62. Rf5+ Ke6 63. Rf4 Ra6 64. Ke2 Ke5 65.
Rh4 Kd4 66. Kf3 Ra3+ 67. Kf4 Ra5 1/2-1/2

[Event "Lichtenberger Sommer 2023"]
[Site "Berlin"]
[Date "2023.08.16"]
[Round "5.21"]
[White "Duppel, Yago"]
[Black "Allgaier, Erik"]
[Result "1/2-1/2"]
[WhiteElo "1743"]
[BlackElo "1922"]
[PlyCount "64"]
[EventDate "2023.??.??"]
[WhiteTeam "SV Königsjäger Süd-West e.V."]
[BlackTeam "SC Hans Clauert Trebbin"]

1. d4 d6 2. e4 g6 3. Nc3 Bg7 4. Bg5 c6 5. Qd2 Qb6 6. Nf3 Bg4 7. Na4 Qc7 8. Be2
Nf6 9. Nc3 Nbd7 10. O-O e5 11. dxe5 dxe5 12. Ne1 Bxe2 13. Qxe2 Nc5 14. Rd1 Ne6
15. Be3 O-O 16. f3 Rfd8 17. Nd3 Nd4 18. Qf2 c5 19. Nb1 b6 20. Rd2 Rd7 21. c3
Nc6 22. Rfd1 Rad8 23. Na3 Nh5 24. Nb5 Qb8 25. a4 Nf4 26. Nxf4 Rxd2 27. Rxd2
exf4 28. Rxd8+ Nxd8 29. Bc1 a6 30. Na3 Ne6 31. Qe2 Qd6 32. Qd2 Qxd2 1/2-1/2

[Event "Lichtenberger Sommer 2023"]
[Site "Berlin"]
[Date "2023.08.16"]
[Round "5.22"]
[White "Matitschka, Johannes"]
[Black "Federau, Jürgen"]
[Result "0-1"]
[WhiteElo "1855"]
[BlackElo "2054"]
[PlyCount "78"]
[EventDate "2023.??.??"]
[WhiteTeam "TSG Oberschöneweide e.V."]
[BlackTeam "SC Kreuzberg e.V."]

1. Nf3 Nf6 2. g3 b6 3. Bg2 Bb7 4. O-O e6 5. d3 d5 6. Nbd2 Be7 7. c3 O-O 8. Qc2
c5 9. e4 Nc6 10. Re1 Rc8 11. e5 Nd7 12. Nf1 b5 13. Bf4 g5 14. Be3 g4 15. N3d2
Ndxe5 16. Bh6 Re8 17. f4 gxf3 18. Nxf3 Nxf3+ 19. Bxf3 Bg5 20. Bxg5 Qxg5 21. h4
Qf5 22. Qe2 Kh8 23. Kh2 Rg8 24. Ne3 Qe5 25. Qf2 Qg7 26. Rg1 Ne5 27. Be2 d4 28.
Ng2 dxc3 29. bxc3 Ng4+ 30. Bxg4 Qxg4 31. Ne3 Qg6 32. Rad1 Rg7 33. d4 cxd4 34.
Rxd4 f5 35. Rd6 Rcg8 36. Nxf5 Qxf5 37. Qxa7 Qc2+ 38. Kh3 Bg2+ 39. Rxg2 Qxg2+
0-1

[Event "Lichtenberger Sommer 2023"]
[Site "Berlin"]
[Date "2023.08.16"]
[Round "5.23"]
[White "Hommer, Jeremy"]
[Black "Knol, Daniel"]
[Result "1-0"]
[WhiteElo "2308"]
[BlackElo "1910"]
[PlyCount "103"]
[EventDate "2023.??.??"]
[WhiteTeam "Hamburger SK von 1830 eV"]
[BlackTeam "Schaakvereniging Almere"]

1. e4 c5 2. Nf3 e6 3. b3 b6 4. Bb2 Bb7 5. Nc3 Nc6 6. g3 Nf6 7. Bg2 Be7 8. O-O
O-O 9. d4 cxd4 10. Nxd4 Nxd4 11. Qxd4 Qc7 12. Rac1 Rac8 13. Nb5 Qc5 14. Qd3 a6
15. Ba3 Qxb5 16. Bxe7 Qxd3 17. cxd3 Rfe8 18. Ba3 h5 19. h3 a5 20. f4 Ba6 21.
Rfd1 Rxc1 22. Bxc1 Rc8 23. Be3 Rc2 24. Bxb6 Rxa2 25. Bf1 d5 26. e5 Nd7 27. Bd4
Ra3 28. Rb1 a4 29. bxa4 Rxa4 30. Bf2 d4 31. Rc1 Nb6 32. Rc6 Nd5 33. Bxd4 Ne7
34. Rd6 Nf5 35. Rd8+ Kh7 36. Bf2 h4 37. g4 Ng3 38. Bxg3 hxg3 39. Ra8 Ra1 40.
Ra7 Kg6 41. Kg2 Ra2+ 42. Kxg3 Bc4 43. Rxa2 Bxa2 44. Bg2 f5 45. gxf5+ exf5 46.
d4 Kf7 47. d5 g6 48. Kh4 Bb1 49. Kg5 Bc2 50. d6 Bb3 51. Bc6 Be6 52. d7 1-0

[Event "Lichtenberger Sommer 2023"]
[Site "Berlin"]
[Date "2023.08.16"]
[Round "5.24"]
[White "Petersen, Soren Boeck"]
[Black "Pröschild, Matthias"]
[Result "1-0"]
[WhiteElo "2179"]
[BlackElo "1883"]
[PlyCount "59"]
[EventDate "2023.??.??"]
[WhiteTeam "vereinslos"]
[BlackTeam "BSV 63 Chemie Weißensee"]

1. e4 d6 2. d4 Nf6 3. Nc3 g6 4. Be3 c6 5. Qd2 b5 6. f3 Bg7 7. O-O-O h5 8. Kb1
Nbd7 9. e5 dxe5 10. dxe5 Ng8 11. e6 fxe6 12. Bd3 Kf8 13. Bxg6 Ngf6 14. Nh3 Nd5
15. Bd4 N7f6 16. Ne4 Rh6 17. Nxf6 exf6 18. Be4 Qc7 19. Rhe1 Bd7 20. f4 Be8 21.
f5 Bf7 22. Bxd5 exd5 23. Bc5+ Kg8 24. Nf4 Re8 25. Rxe8+ Bxe8 26. Re1 Bd7 27.
Re7 Bf8 28. Ne6 Qe5 29. Nxf8 Qxf5 30. Qxh6 1-0

[Event "Lichtenberger Sommer 2023"]
[Site "Berlin"]
[Date "2023.08.16"]
[Round "5.25"]
[White "Kuhn, Christian"]
[Black "Brinkmann, Fabian"]
[Result "0-1"]
[WhiteElo "1911"]
[BlackElo "2147"]
[PlyCount "66"]
[EventDate "2023.??.??"]
[WhiteTeam "SK König Tegel 1949 e.V."]
[BlackTeam "Hamburger SK von 1830 eV"]

1. e4 c6 2. d4 d5 3. e5 Bf5 4. Nd2 h6 5. Ngf3 e6 6. Be2 Nd7 7. Nb3 Ne7 8. O-O
Bh7 9. a4 Nf5 10. a5 a6 11. c4 Be7 12. g4 Nh4 13. Nxh4 Bxh4 14. f4 f5 15. exf6
gxf6 16. g5 hxg5 17. Bh5+ Ke7 18. fxg5 Qg8 19. Kh1 Be4+ 20. Bf3 Bxg5 21. Bxe4
dxe4 22. Rg1 Qh7 23. Rg2 Bxc1 24. Rxc1 f5 25. d5 Rag8 26. Rcc2 Ne5 27. Nc5 Rxg2
28. Rxg2 Nf3 29. d6+ Kf7 30. Qe2 Qh6 31. Qc2 Qe3 32. Qd1 Qxc5 33. b4 Qe5 0-1